Area de organización /

Сохранить в:
Библиографические подробности
Главный автор: Arguedas A, Luis
Другие авторы: Chin F, Felipe, Oconitrillo S, Willy, Ortega, Virginia R. de
Формат: Текст
Опубликовано: San José: ADEC
Предметы:
Метки: Добавить метку
Нет меток, Требуется 1-ая метка записи!

MARC

LEADER 00000 a a2200000 04500
001 13907
003
040
090 |a 022500  
100 |a Arguedas A, Luis  
245 |a Area de organización /  |c Luis Arguedas A. 
260 |a San José:   |b ADEC  
300 |a 24 p.  
650 |a CENSOS AGROPECUARIOS  
650 |a CENSOS DE POBLACION  
650 |a CENSOS DE VIVIENDAS  
650 |a RECOPILACION DE DATOS  
650 |a ENCUESTAS  
650 |a METODOS DE INVESTIGACION  
700 |a Chin F, Felipe  
700 |a Oconitrillo S, Willy  
700 |a Ortega, Virginia R. de  
999 |c 9070  |d 9070